ბათუმის შოთა რუსთაველის სახელმწიფო უნივერსიტეტის ბიბლიოთეკა

Financial Management for the Public Services / (ბიბ.ჩანაწერი № 61867)

000 -LEADER
fixed length control field 00604nam a22001577a 4500
005 - DATE AND TIME OF LATEST TRANSACTION
control field 20240530164250.0
008 - FIXED-LENGTH DATA ELEMENTS--GENERAL INFORMATION
fixed length control field 240530s1998 enk||||| |||| 00| 0 eng d
020 ## - INTERNATIONAL STANDARD BOOK NUMBER
International Standard Book Number 0335198457x
080 ## - UNIVERSAL DECIMAL CLASSIFICATION NUMBER
Universal Decimal Classification number 005 F-63
245 ## - TITLE STATEMENT
Title Financial Management for the Public Services /
Statement of responsibility, etc. Edited by John Wilson.
264 ## - PRODUCTION, PUBLICATION, DISTRIBUTION, MANUFACTURE, AND COPYRIGHT NOTICE
Place of production, publication, distribution, manufacture Buckingham :
Name of producer, publisher, distributor, manufacturer Open University Press,
Date of production, publication, distribution, manufacture, or copyright notice 1998.
300 ## - PHYSICAL DESCRIPTION
Extent 280 p. :
Other physical details 23 cm.
653 ## - INDEX TERM--UNCONTROLLED
keyword საჯარო სამსახურების ფინანსური მენეჯმენტი
700 ## - ADDED ENTRY--PERSONAL NAME
Personal name Wilson, John
Relator term რედაქტორი
9 (RLIN) 7572
942 ## - ADDED ENTRY ELEMENTS (KOHA)
Source of classification or shelving scheme
Koha item type წიგნი

არაა ხელმისაწვდომი ეგზემპლარები.